LEADER 01295nam 2200373 450 001 000006749 005 20110131114800.0 010 $a0-471-06018-6 100 $a20001221d1982----km-y0itay0103----ba 101 0 $aeng 102 $aUS 200 1 $aGeodynamics$eapplications of continuum physics to geological problems$fDonald L. Turcotte, Gerald Schubert 210 $c<> Wiley$aNew York, ... [etc.]$d1982 215 $aIX, 450 p.$cill.$d25 cm. 606 $aGeodinamica 676 $a551$v(20. ed.)$9Geologia, idrologia, meteorologia 700 1$aTurcotte,$bDonald L.$051009 701 1$aSchubert,$bGerald$051010 801 0$aIT$bUniversità della Basilicata - B.I.A.$gRICA$2unimarc 912 $a000006749 996 $aGeodynamics$976090 997 $aUNIBAS BAS $aMONING BAS $aMONOGR BAS $aINGEGNERIA CAT $aTORRE$b20$c20001221$lBAS01$h1001 CAT $c20050601$lBAS01$h1753 CAT $abatch$b01$c20050718$lBAS01$h1049 CAT $c20050718$lBAS01$h1108 CAT $c20050718$lBAS01$h1138 CAT $c20050718$lBAS01$h1152 CAT $aATR$b40$c20110131$lBAS01$h1148 FMT Z30 -1$lBAS01$LBAS01$mBOOK$1BASA2$APolo Tecnico-Scientifico$2DID$BDidattica$3PTS.s2.p56.16.a$635327$5I35327$820001221$f04$FPrestabile Didattica